Reasoning through Romans; vol. 2. (Record no. 15280)

000 -LEADER
fixed length control field 00560nam a2200181 a 4500
001 - CONTROL NUMBER
control field :::00013124$&:&@@
003 - CONTROL NUMBER IDENTIFIER
control field OkBaRHE
005 - DATE AND TIME OF LATEST TRANSACTION
control field 20000901101831.0
008 - FIXED-LENGTH DATA ELEMENTS--GENERAL INFORMATION
fixed length control field j 000 0 eng u
040 ## - CATALOGING SOURCE
Transcribing agency
100 1# - MAIN ENTRY--PERSONAL NAME
Personal name McGee, J. Vernon.
245 10 - TITLE STATEMENT
Title Reasoning through Romans; vol. 2.
260 ## - PUBLICATION, DISTRIBUTION, ETC. (IMPRINT)
Place of publication, distribution, etc Pasadena, CA., :
Name of publisher, distributor, etc Thru the Bible Books
300 ## - PHYSICAL DESCRIPTION
Extent v. (1-2) ;
Dimensions 21 cm.
650 ## - SUBJECT ADDED ENTRY--TOPICAL TERM
Topical term or geographic name as entry element Bible New Testament Romans
General subdivision Study
942 ## - ADDED ENTRY ELEMENTS (KOHA)
Source of classification or shelving scheme
Koha item type Books
Copies
Copy number Source of classification or shelving scheme Koha item type Lost status Damaged status Date acquired Price effective from Not for loan Date last seen Permanent Location Barcode Withdrawn status Shelving location Full call number
1 Books  2010-04-142010-04-14 2018-03-28RHEMA Bible Training College13124 General StacksBS 2665 .M334